<?xml version="1.0" encoding="UTF-8"?><?xml-stylesheet type="text/xsl" href="static/style.xsl"?><OAI-PMH xmlns="http://www.openarchives.org/OAI/2.0/" xmlns:xsi="http://www.w3.org/2001/XMLSchema-instance" xsi:schemaLocation="http://www.openarchives.org/OAI/2.0/ http://www.openarchives.org/OAI/2.0/OAI-PMH.xsd"><responseDate>2026-04-14T19:30:10Z</responseDate><request verb="GetRecord" identifier="oai:uvadoc.uva.es:10324/7263" metadataPrefix="marc">https://uvadoc.uva.es/oai/request</request><GetRecord><record><header><identifier>oai:uvadoc.uva.es:10324/7263</identifier><datestamp>2021-06-18T09:34:39Z</datestamp><setSpec>com_10324_38</setSpec><setSpec>col_10324_787</setSpec></header><metadata><record xmlns="http://www.loc.gov/MARC21/slim" xmlns:doc="http://www.lyncode.com/xoai" xmlns:xsi="http://www.w3.org/2001/XMLSchema-instance" xmlns:dcterms="http://purl.org/dc/terms/" xsi:schemaLocation="http://www.loc.gov/MARC21/slim http://www.loc.gov/standards/marcxml/schema/MARC21slim.xsd">
<leader>00925njm 22002777a 4500</leader>
<datafield tag="042" ind1=" " ind2=" ">
<subfield code="a">dc</subfield>
</datafield>
<datafield tag="720" ind1=" " ind2=" ">
<subfield code="a">Villa Franeiseo, César</subfield>
<subfield code="e">author</subfield>
</datafield>
<datafield tag="260" ind1=" " ind2=" ">
<subfield code="c">2013</subfield>
</datafield>
<datafield tag="520" ind1=" " ind2=" ">
<subfield code="a">Las células dendríticas (CD) juegan un papel central en el desarrollo de la inmunidad innata y en la iniciación de la inmunidad adaptativa. Las CD se caracterizan por su capacidad de presentación de antígenos, de donde se deriva la abreviatura APC (antigen-presenting cells) y están presentes  en su fase inmadura en los tejidos periféricos, donde exploran la presencia de antígenos procedentes de microorganismos invasores para migrar posteriormente cargadas de este material a los ganglios linfáticos. Su función de captación de antígenos se realiza a través de los procesos de endocitosis y macropinocitosis, y tras  entrar en contacto con los antígenos  sufren el denominado  proceso de  maduración, que incluye la inducción de la actividad coestimuladora, la adquisición de la capacidad de procesar antígenos, el incremento de la expresión de moléculas del complejo mayor de histocompatibilidad (MHC), la liberación de citoquinas y la anteriormente referida migración a los nódulos linfáticos donde presentan los antígenos procesados a las células T. La activación del sistema inmune adaptativo sólo se produce tras la presentación del antígeno a los linfocitos por parte de las CD.</subfield>
</datafield>
<datafield tag="024" ind2=" " ind1="8">
<subfield code="a">http://uvadoc.uva.es/handle/10324/7263</subfield>
</datafield>
<datafield ind1=" " ind2=" " tag="653">
<subfield code="a">Retículo endoplasmático</subfield>
</datafield>
<datafield ind1=" " ind2=" " tag="653">
<subfield code="a">Investigación biomédica</subfield>
</datafield>
<datafield ind1=" " ind2=" " tag="653">
<subfield code="a">Fagocitosis</subfield>
</datafield>
<datafield tag="245" ind1="0" ind2="0">
<subfield code="a">Estrés de retículo endoplasmático y fagocitosis : papel de las vias perke-IRG-1</subfield>
</datafield>
</record></metadata></record></GetRecord></OAI-PMH>